000 00735nas a2200229 454500
001 18547
005 20260407193505.0
008 260407s1988####ag###########|||spa#d
003 AR-UNSa-BCEJYS
040 _aAR-UNSa-BCEJYS
_bspa
_cAR-UNSa-BCEJYS
080 _a004
_xCiencia y tecnología de los ordenadores. Informática
245 1 0 _aByte
_pThe small systems journal
022 _a0360-5280
264 1 _aPeterborough :
_bMcGraw-Hill
_c1988
310 _aFrecuencia: Mensual
942 _cSER
590 _aniveau_biblio:s niveau_hierar:1
100 1 _aLanga, Frederic S.
650 _aInformática
650 _aRed informática
856 4 1 _uhttps://biblioeco.unsa.edu.ar/pmb/images/revistas/Byte.jpg
_yImagen de portada
_qimage/jpeg
999 _c8501
_d8501